| 000 | 01425nam a2200265Ia 4500 | ||
|---|---|---|---|
| 999 |
_c55674 _d55674 |
||
| 001 | 22769 | ||
| 003 | GE_BSU | ||
| 005 | 20230505113703.0 | ||
| 008 | 181216s ||||ge |||||||||||||| || || | ||
| 020 | _a9789941278372 | ||
| 040 | _cGE_BSU | ||
| 041 | _ageo | ||
| 080 | _a821.353.1-311.3 ბ-25 | ||
| 100 |
_aბარბაქაძე, სალომე _917987 |
||
| 245 |
_aელიუს ანტონიოს მოგზაურობა პლანეტებზე : _bსათავგადასავლო რომანი / _cსალომე ბარბაქაძე ; ბოლოსიტყვაობა დათო ბარბაქაძე ; მხატვარი მარიამ პაპუაშვილი. |
||
| 250 | _aI გამოცემა | ||
| 264 |
_aთბილისი : _bმერწყული, _c2018. |
||
| 300 |
_a218 გვ. ; _c20 სმ. |
||
| 500 | _aწიგნი გამოიცა Gitte Walters-ს ფინანსური მხარდაჭერით | ||
| 520 | _aწიგნი გამოიცა Gitte Walters-ს ფინანსური მხარდაჭერით. | ||
| 541 | _h5 ლ. | ||
| 653 | _aელიუს ანტონიოს მოგზაურობა პლანეტებზე | ||
| 653 | _aსათავგადასავლო რომანი | ||
| 942 |
_cBK _2udc |
||